000 00539nam a2200193Ia 4500
008 230125s9999 xx 000 0 und d
041 _aeng
082 _a658.87
_bDHO
100 _aDhotre M
_9108341
245 _aChannel Management And Retail Marketing
250 _a1st Ed.
260 _c2005
_bHimalaya Publishing House
_aMumbai
300 _a203p
500 _aChannel management;Marketing Channels;Retail Marketing
650 _aMarketing Management
700 _aDhotre M
_9108341
906 _b19
999 _c85175
_d85175